| 000 | 00487nam a2200193Ia 4500 | ||
|---|---|---|---|
| 005 | 20250522104340.0 | ||
| 008 | 008 250516s9999 xx 000 0 eng d | ||
| 020 | _a9781526641175 | ||
| 040 |
_aSDCL _beng _cSDCL |
||
| 041 |
_aeng _2eng |
||
| 084 |
_aO-,3MAA, R1 LR _qSDCL |
||
| 100 |
_aSarah, Mass _9809858 |
||
| 245 | 0 | _aCourt of Wings and Ruin | |
| 260 |
_aNew Delhi: _bBloomsbury, _c2021. |
||
| 300 | _a698p. | ||
| 365 |
_aINR _b599 |
||
| 650 | _aReference | ||
| 942 | _cTEXL | ||
| 999 |
_c1430029 _d1430029 |
||